000 00687nam a2200241Ia 4500
003 OSt
005 20220925205015.0
006 a|||||r|||| 00| 0
007 ta
008 220923b |||||||| |||| 00| 0 eng d
020 _a0333598954
037 _cGeneral Book
040 _aRTL
_cRTL
_beng
041 _2eng
_aeng
082 _aX:72, N5
100 _aMacDonald Ronald
245 0 _aInternational macroeconomics By Emmanuel Pikoulak
260 _aHampshire
_bMacmillan Press
_c1995
300 _axiii, 271p Bibliography: P 254-263
_ccm.
650 _aMacroeconomics
_9186166
942 _hX:72, N5
_cGB
_2CC
999 _c550984
_d550984